Los magos del crepúsculo y blues otra vez /
Uloženo v:
| Hlavní autor: | |
|---|---|
| Médium: | Neznámo |
| Jazyk: | Spanish |
| Vydáno: |
Guatemala:
Cultura,
2005
|
| Edice: | Colección poesía guatemalteca. Serie Rafael Landívar
número 46 |
| Témata: | |
| Tagy: |
Přidat tag
Žádné tagy, Buďte první, kdo vytvoří štítek k tomuto záznamu!
|
MARC
| LEADER | 000000000a22000000004500 | ||
|---|---|---|---|
| 001 | 001011 | ||
| 008 | 170621s2005 gt ||||| |||| 00| p spa d | ||
| 020 | |a 9992201436 | ||
| 041 | 0 | |a español | |
| 082 | |a G861.4 |b G643m | ||
| 100 | 1 | |a González, Wingston | |
| 245 | 1 | 4 | |a Los magos del crepúsculo y blues otra vez / |c Wingston González |
| 260 | |a Guatemala: |b Cultura, |c 2005 | ||
| 300 | |a 98 páginas | ||
| 490 | 1 | |a Colección poesía guatemalteca. Serie Rafael Landívar |v número 46 | |
| 500 | |a Número de inscripción 14084 | ||
| 650 | 4 | |a LITERATURA GUATEMALTECA |v POESÍA | |
| 942 | |2 ddc |c BK | ||
| 999 | |c 2138 |d 2138 | ||



